Physical retailers hurl bricks and mortar at virtual foes. (Record no. 60618)

MARC details
000 -LEADER
fixed length control field 00952cam a2200193 4500
001 - CONTROL NUMBER
control field ABS60940
008 - FIXED-LENGTH DATA ELEMENTS--GENERAL INFORMATION
fixed length control field 000000n1999 000 0 eng u
035 ## - SYSTEM CONTROL NUMBER
System control number (Sirsi) u101485
100 ## - MAIN ENTRY--PERSONAL NAME
Personal name Schiller, B.
245 ## - TITLE STATEMENT
Title Physical retailers hurl bricks and mortar at virtual foes.
260 ## - PUBLICATION, DISTRIBUTION, ETC.
Date of publication, distribution, etc. 1999
490 ## - SERIES STATEMENT
Series statement Net Profit
Volume/sequential designation (31) July 1999, 10-11(2)
520 ## - SUMMARY, ETC.
Summary, etc. Looks at how conventional retailers are responding to competition from the internet-only counterparts. The author identifies three trends: by using intranets to feed sales information direct to managers, by using their physical operations as distribution/return points for goods ordered via the internet and by establishing dedicated distribution depots to fulfil their online shopping services.
650 ## - SUBJECT ADDED ENTRY--TOPICAL TERM
Topical term or geographic name entry element INTERNET
650 ## - SUBJECT ADDED ENTRY--TOPICAL TERM
Topical term or geographic name entry element MANAGEMENT-BUSINESS MANAGEMENT-INFORMATION MANAGEMENT
650 ## - SUBJECT ADDED ENTRY--TOPICAL TERM
Topical term or geographic name entry element WORKSTYLES
690 ## - LOCAL SUBJECT ADDED ENTRY--TOPICAL TERM (OCLC, RLIN)
Topical term or geographic name as entry element PROPERTY-COMMERCIAL PROPERTY-RETAIL PROPERTY
942 ## - ADDED ENTRY ELEMENTS (KOHA)
Suppress in OPAC 0
Holdings
Withdrawn status Lost status Source of classification or shelving scheme Damaged status Not for loan Home library Current library Shelving location Date acquired Total Checkouts Full call number Barcode Date last seen Copy number Price effective from Koha item type
    Dewey Decimal Classification     London London Journal article 05/11/1999   ABS60940 101485-1001 06/08/2019 1 06/08/2019 Journal article